LEADER 00775nam a2200181 i 4500 001 000000223215 003 CaOOAMICUS 005 20131007000000.0 008 131007s1802 xx u000 u fre u 013 $a202112 026 $a8.la N.me 8.re sopr (3) 1802 (R) 040 $aSeMil$bita 245 10$aTome 3. 300 $a[2], 390 p. 773 0 $aMontaigne, Michel : de <1533-1592>$tEssais de Michel seigneur de Montaigne. Tome 1. [-4.].$bEdition stereotype, d'après le procédé de Firmin Didot$dA Paris : De l'imprimerie et de la fonderie stéréotype de Pierre Didot l'aîné, et de Firmin Didot, 1802.$g3$w()28323 850 $aSeMil 852 $aSeMil$W1$xVenegono$y1$m2P I 74 FA$j173561$B173561$CSeMilBibl$Z2$F183904 $8I 996 $6245$aTome 3$9(OLS)http://semarc/title/1575 LEADER 00924nab a2200145 i 4500 001 000000275797 003 CaOOAMICUS 005 20110808000000.0 008 110808n xx uu u0 0und r 013 $a25217 040 $aSeMil$bita 245 13$aLa Bibbia di Orvieto sulla facciata della Cattedrale ; Scultura lignea del Trecento lombardo ; Affreschi italiani a Budapest ; Un caso esemplare della riforma del secolo 16. a Napoli ; L'iconografia :$barte a servizio della Chiesa. - Titoli dalla cop. 500 $aLUGLIO-AGOSTO 2011 (N. 865). 773 0 $t[2011 : fascicoli 862-867].$dMilano : Scuola Beato Angelico, copyr. 2011.$w()200738 996 $6245$aLa Bibbia di Orvieto sulla facciata della Cattedrale ; Scultura lignea del Trecento lombardo ; Affreschi italiani a Budapest ; Un caso esemplare della riforma del secolo 16. a Napoli ; L'iconografia :$barte a servizio della Chiesa. - Titoli dalla cop.$9(OLS)http://semarc/title/361593